Mastering credit derivations : (Record no. 38486)

MARC details
000 -LEADER
fixed length control field 00819nam a22002177a 4500
005 - DATE AND TIME OF LATEST TRANSACTION
control field 20100731160448.0
010 ## - LCCN (DPL NO)
LC control number ENG-97558
020 ## - INTERNATIONAL STANDARD BOOK NUMBER
International Standard Book Number 9788131729304
Terms of availability 399.00
035 ## - SYSTEM CONTROL NUMBER
System control number EN-81091
037 ## - SOURCE OF ACQUISITION
Source of stock number/acquisition DBAD/PUB
082 ## - DEWEY DECIMAL CLASSIFICATION NUMBER
Classification number 332.632
100 ## - MAIN ENTRY--PERSONAL NAME
Personal name Kasapis, Andrew
245 ## - TITLE STATEMENT
Title Mastering credit derivations :
Remainder of title a step-by-step guide to credit derivatives and structured credit /
Statement of responsibility, etc by Andrew Kasapis
250 ## - EDITION STATEMENT
Edition statement 2nd. ed
260 ## - PUBLICATION, DISTRIBUTION, ETC. (IMPRINT)
Place of publication, distribution, etc New Delhi
Name of publisher, distributor, etc Pearson
Date of publication, distribution, etc 2010
270 ## - ADDRESS
Address 14 Local Shopping Centre, Panchsheel Park,
City New Delhi
Postal code 110017
300 ## - PHYSICAL DESCRIPTION
Extent xiv, 277p.:
Other physical details ill.
Dimensions 24cm (pbk)
500 ## - GENERAL NOTE
General note includes index
942 ## - ADDED ENTRY ELEMENTS (KOHA)
Source of classification or shelving scheme Dewey Decimal Classification
Item type English Books
Classification part 332.632
Call number suffix KAS
Holdings
Withdrawn status Lost status Not for loan Collection code Home library Current library Date acquired Source of acquisition Cost, normal purchase price Full call number Barcode Copy number Cost, replacement price Koha item type
    Not For Loan Non-fiction D.B.Act.Division D.B.Act.Division 31/07/2010 DBAD/PUB 399.00 332.632 KAS EN-81091 1 399.00 English Books

© Delhi Public Library
Hit Counter
free hit counter